| 000 | 00610nam a22001937a 4500 | ||
|---|---|---|---|
| 999 |
_c180103 _d180103 |
||
| 005 | 20210726110443.0 | ||
| 010 | _aENG-129632 | ||
| 020 |
_a978-81-9529-459-6 _c650.00 |
||
| 035 | _aEN-113164 | ||
| 037 | _bDBAD/PUB | ||
| 082 | _a346.086 | ||
| 100 | _aSachin Rastogi | ||
| 245 |
_aPrinciples of Insurance Law/ _cBy Sachin Rastogi |
||
| 250 | _a1st | ||
| 260 |
_aGurgaon _bLexis Nexis _c2021 |
||
| 270 |
_a14th floor, Building no 10, Tower- B, DLF Cyber City, Phase- II, Gurgaon _bHaryana _e122002 _mhelp.in@lexisnexis.com |
||
| 300 |
_a507p; _c24cm(pbk) |
||
| 942 |
_2ddc _cEN _h346.086 _mRAS |
||